| 000 | 01408nam a22003857a 4500 | ||
|---|---|---|---|
| 003 | CHAP | ||
| 005 | 20220329140159.0 | ||
| 008 | 971013s1995 r 00010 d | ||
| 010 | _a48171 | ||
| 011 | _a49143 | ||
| 035 | _a53291 | ||
| 040 | _cCHAP | ||
| 090 | _aTesis | ||
| 100 | 0 | 0 |
_aHerrera Moncivais, Verónica. _954911 |
| 245 | _aElaboración de una tabla y tarifa de volumen para Pinus hartwegii Lindl., en el Cerro Potosí, Galeana, Nuevo León | ||
| 260 |
_aLinares, N. L. : _bEl autor, _c1995 |
||
| 300 | _a53 h. | ||
| 502 | _aTesis (Ing. Forestal) -- Universidad Autónoma de Nuevo León. Facultad de Ciencias Forestales | ||
| 590 |
_aALEPH _b10 _c20130110 _lUCH01 _h1319 |
||
| 590 |
_aBATCH-UPD _b10 _c20130109 _lUCH01 _h2338 |
||
| 590 |
_aBATCH-UPD _b10 _c20130110 _lUCH01 _h0205 |
||
| 590 |
_aBATCH-UPD _b10 _c20130110 _lUCH01 _h1743 |
||
| 590 |
_aBATCH-UPD _b10 _c20130409 _lUCH01 _h1906 |
||
| 590 |
_aBATCH-UPD _b10 _c20130410 _lUCH01 _h1122 |
||
| 590 |
_aBATCH-UPD _b10 _c20130914 _lUCH01 _h0714 |
||
| 590 |
_aCONVERSION _b10 _c20130109 _lUCH01 _h1326 |
||
| 650 | 1 | 4 |
_aBosques _xInventarios. _914240 |
| 650 | 1 | 4 |
_aPináceas _xNuevo León. _988255 |
| 650 | 1 | 4 |
_aPinus hartwegii. _988340 |
| 650 | 1 | 4 |
_aTablas de volúmenes y rendimientos. _9111296 |
| 901 | _aBK | ||
| 942 | _cFOLL | ||
| 949 |
_bBC _cTES _d-118268 _eTS1 _h28222 _i53291 _si |
||
| 949 |
_bBC _cTES _d33724000077566 _eTS2 _fc.2 _h28870 _i53291 _si |
||
| 999 |
_c48171 _d48171 |
||